Austrian Political Parties - Statistics

General Stats
  • This quiz has been taken 40 times
  • The average score is 4 of 5
Answer Stats
Ideology Seats Answer % Correct
Social Democracy 65 Social Democratic
88%
_______ politics 23 The Greens - Green Alternative
85%
Liberal conservatismChristian democracy 81 Austrian People's
79%
National conservatismRight-wing populism 74 Freedom
79%
LiberalismEconomic liberalism 21 NEOS The New Austria and Liberal Forum
74%
No matching quizzes found
Score Distribution
Percent of People with Each Score
Percentile by Number Answered
Your Score History
You have not taken this quiz